000
00301nam a22001337a 4500
008
180924b xxu||||| |||| 00| 0 eng d
020
_a
0534133681
041
_a
eng
080
_a
573
100
_a
11
101
_a
BIO
245
_a
Biology Concept And Applications
_c
Starr.c
942
_2
udc
_c
BK
999
_c
48303
_d
48303